[Event "Gothenburg"]
[Site "Goteborg SWE"]
[Date "1989.??.??"]
[Round "3"]
[White "Svensson, Bengt"]
[Black "Schneider, Lars-Ake"]
[Result "1/2-1/2"]
[WhiteElo "2375"]
[BlackElo "2460"]
[PlyCount "51"]
[EventDate "1989.??.??"]
[Source "www.chesslib.no"]
[SourceDate "2004.05.04"]

1. e4 c5 2. Nf3 Nc6 3. d4 cxd4 4. Nxd4 Nf6 5. Nc3 d6 6. Bg5 e6 7. Bb5 Bd7 8. Bxc6 bxc6 9. Qf3 e5 10. Nf5 Bxf5 11. Qxf5 Qd7 12. Qf3 Be7 13. Rd1 O-O 14. O-O Rfd8 15. Rd3 Ne8 16. Bxe7 Qxe7 17. Rfd1 Nc7 18. Qe3 Rd7 19. f4 exf4 20. Qxf4 Ne6 21. Qg3 Rad8 22. h3 h6 23. Kh1 Nc5 24. Rd4 Ne6 25. R4d3 Nc5 26. Rd4 1/2-1/2

[Event "Biel op MTO"]
[Site "Biel"]
[Date "1997.??.??"]
[Round "8"]
[White "Berzinsh, Roland"]
[Black "Hobuss, Udo"]
[Result "1-0"]
[WhiteElo "2440"]
[BlackElo "2390"]
[PlyCount "83"]
[EventDate "1997.07.21"]
[Source "ChessBase"]
[SourceDate "1997.11.24"]

1. e4 c5 2. Nc3 Nc6 3. Nge2 d6 4. d4 cxd4 5. Nxd4 Nf6 6. Bg5 e6 7. Bb5 Bd7 8. Bxc6 bxc6 9. Qf3 h6 10. Bh4 Qb6 11. Nb3 Be7 12. e5 dxe5 13. O-O-O Qb4 14. Bg3 e4 15. Qe2 c5 16. a3 Qb6 17. Nd2 O-O 18. Ndxe4 Nxe4 19. Nxe4 Bb5 20. Qe3 Rad8 21. Rhe1 Bc6 22. Be5 f6 23. Bc3 e5 24. f4 Rxd1+ 25. Rxd1 exf4 26. Qxf4 f5 27. Qe5 Rf7 28. Nd6 Bxd6 29. Rxd6 Qc7 30. g3 Rf6 31. Rxf6 Qxe5 32. Bxe5 gxf6 33. Bf4 h5 34. Be3 a5 35. Bxc5 a4 36. b4 Bb5 37. Kd2 Kf7 38. Ke3 Ke6 39. Kd4 Be2 40. c4 f4 41. gxf4 Kf5 42. Be7 1-0

[Event "FSGM December"]
[Site "Budapest"]
[Date "2004.12.10"]
[Round "7"]
[White "Fogarasi, Tibor"]
[Black "Gonda, Laszlo"]
[Result "1/2-1/2"]
[WhiteElo "2425"]
[BlackElo "2400"]
[PlyCount "55"]
[EventDate "2004.12.04"]
[Source "Roberto Alvarez"]
[SourceDate "2004.12.13"]

1. e4 c5 2. Nf3 d6 3. d4 Nf6 4. Nc3 cxd4 5. Nxd4 Nc6 6. Bg5 e6 7. Be2 Be7 8. O-O O-O 9. Ndb5 a6 10. Bxf6 gxf6 11. Nd4 Bd7 12. Kh1 b5 13. a3 Qb6 14. Nxc6 Bxc6 15. f4 Kh8 16. Bf3 Qc5 17. Qe2 Ra7 18. Qd3 Rc7 19. Ne2 Qc4 20. b3 Qxd3 21. cxd3 Bb7 22. Rfc1 Rfc8 23. Rxc7 Rxc7 24. Rc1 Rxc1+ 25. Nxc1 d5 26. b4 dxe4 27. Bxe4 Bxe4 28. dxe4 1/2-1/2

[Event "FIN-SWE"]
[Site "Helsinki"]
[Date "1991.??.??"]
[Round "1"]
[White "Raaste, Eero J"]
[Black "Wessman, Richard"]
[Result "1/2-1/2"]
[WhiteElo "2360"]
[BlackElo "2460"]
[PlyCount "40"]
[EventDate "1991.??.??"]
[Source "ChessBase"]

1. e4 c5 2. Nf3 Nc6 3. d4 cxd4 4. Nxd4 Nf6 5. Nc3 d6 6. Bg5 e6 7. Be2 Be7 8. O-O O-O 9. Kh1 a6 10. a4 h6 11. Bh4 Qc7 12. Nb3 b6 13. f4 Bb7 14. Qe1 Rfe8 15. Qg3 Nb4 16. f5 e5 17. Nd2 Nxc2 18. Rac1 Nd4 19. Nd5 Nxe2 20. Rxc7 Nxg3+ 1/2-1/2

[Event "RUS Ch"]
[Site "Orel"]
[Date "1992.??.??"]
[Round "?"]
[White "Nevostrujev, Vladimir"]
[Black "Lukin, Andrei M"]
[Result "0-1"]
[WhiteElo "2385"]
[BlackElo "2435"]
[PlyCount "74"]
[EventDate "1992.??.??"]
[Source "www.chesslib.no"]
[SourceDate "2004.05.04"]

1. e4 c5 2. Nf3 d6 3. d4 cxd4 4. Nxd4 Nf6 5. Nc3 Nc6 6. Bg5 e6 7. f4 Bd7 8. Qd3 a6 9. O-O-O Qc7 10. Be2 Be7 11. Rhe1 O-O 12. Bf3 Rfd8 13. Kb1 Rac8 14. Nde2 Be8 15. Nc1 b5 16. Bh4 Na5 17. N3e2 Nc4 18. Nd4 b4 19. Ncb3 e5 20. Nf5 Bb5 21. Rc1 Na3+ 22. bxa3 Bxd3 23. cxd3 Qd7 24. axb4 Bf8 25. Bxf6 gxf6 26. Ne3 d5 27. Rxc8 Qxc8 28. Nxd5 Rxd5 29. exd5 Qc3 30. Rd1 Bxb4 31. f5 a5 32. Be4 Ba3 33. Rd2 a4 34. Rc2 Qb4 35. Rc4 Qb5 36. Rc8+ Kg7 37. Ra8 Bd6 0-1

[Event "XIX Czech Chladek & Tintera A Open"]
[Site "Pardubice CEC"]
[Date "2008.07.21"]
[Round "4"]
[White "Simacek, P."]
[Black "Korotkjevich, S."]
[Result "1-0"]
[WhiteElo "2470"]
[BlackElo "2349"]
[PlyCount "113"]
[EventDate "2008.07.18"]
[Source "www.chesslib.no"]
[SourceDate "2004.05.04"]

1. e4 c5 2. Nf3 d6 3. d4 cxd4 4. Nxd4 Nf6 5. Nc3 Nc6 6. Bg5 e6 7. f4 Qb6 8. Nb3 Qe3+ 9. Qe2 Qxe2+ 10. Bxe2 a6 11. Bf3 Bd7 12. O-O-O h6 13. Bh4 Rg8 14. Bxf6 gxf6 15. g3 O-O-O 16. Bh5 Rg7 17. Rhf1 Be7 18. Nd4 Kc7 19. Nce2 Be8 20. c4 Kb8 21. b3 Rc8 22. Kb2 Nd8 23. Nc3 Rg8 24. Rfe1 Nc6 25. Nf3 Rg7 26. a3 Rg8 27. Re2 Rg7 28. b4 Na7 29. Kb3 b5 30. cxb5 Nxb5 31. Nb1 Nc7 32. a4 Na8 33. Nc3 a5 34. bxa5 Rc5 35. f5 Rxa5 36. Nd4 Nb6 37. Ra2 Rc5 38. Be2 d5 39. Bb5 Rg8 40. fxe6 fxe6 41. Bxe8 Rxe8 42. Nxe6 dxe4 43. Nxc5 Bxc5 44. a5 Nc8 45. Rd5 Bf8 46. a6 e3 47. Rd7 Bd6 48. Re2 Re5 49. a7+ Ka8 50. Rd8 Rc5 51. Ne4 Be7 52. Nxc5 Bxd8 53. Rxe3 Be7 54. Kc4 Kxa7 55. Kd5 Kb6 56. Nd7+ Kc7 57. Ke6 1-0

[Event "Lansing, MI"]
[Site "?"]
[Date "2004.09.05"]
[Round "3.41"]
[White "Czuhai Kevin"]
[Black "Finegold Ben"]
[Result "0-1"]
[WhiteElo "2200"]
[BlackElo "2614"]
[PlyCount "77"]
[EventDate "2004.??.??"]
[Source "www.chesslib.no"]
[SourceDate "2004.05.04"]

1. e4 c5 2. Nf3 Nc6 3. d4 cxd4 4. Nxd4 Nf6 5. Nc3 d6 6. Bg5 e6 7. Be2 Be7 8. O-O O-O 9. Kh1 h6 10. Be3 a6 11. a4 Bd7 12. f4 Rc8 13. Nf3 Na5 14. e5 Ne8 15. Qe1 Nc4 16. Bd4 dxe5 17. Nxe5 Nxe5 18. Bxe5 Bc6 19. Bf3 Nf6 20. Qg3 Qb6 21. a5 Qc5 22. Bxc6 Qxc6 23. Rae1 Ne8 24. f5 f6 25. Bf4 e5 26. Bxh6 Bb4 27. Bd2 Rd8 28. Re2 Rf7 29. Qg6 Kf8 30. Rf3 Qc4 31. Ref2 Bxc3 32. bxc3 e4 33. Rf4 e3 34. Rxc4 exf2 35. Rf4 Rxd2 36. h3 Rd1+ 37. Kh2 f1=Q 38. Rxf1 Rxf1 39. c4 0-1

[Event "SVK-chT 9900"]
[Site "SVK"]
[Date "2000.??.??"]
[Round "8"]
[White "Vojtek, Vladimir"]
[Black "Manik, Mikulas"]
[Result "0-1"]
[WhiteElo "2335"]
[BlackElo "2478"]
[PlyCount "110"]
[EventDate "1999.??.??"]
[Source "www.chesslib.no"]
[SourceDate "2004.05.04"]

1. e4 c5 2. Nf3 Nc6 3. d4 cxd4 4. Nxd4 Nf6 5. Nc3 d6 6. Bg5 e6 7. Bb5 Bd7 8. Bxc6 bxc6 9. Qf3 Qb6 10. O-O-O Rb8 11. Nb3 c5 12. Rhe1 Be7 13. Qe2 h6 14. Bh4 a5 15. a4 g5 16. Bg3 e5 17. Nb5 Bxb5 18. Qxb5+ Qxb5 19. axb5 Rxb5 20. Nd2 Kd7 21. Nc4 Ke6 22. f3 Rhb8 23. c3 Nd7 24. Kc2 a4 25. Ra1 Nb6 26. Ne3 c4 27. Bf2 Bf8 28. Ra2 f6 29. Rea1 h5 30. Nd1 d5 31. Bxb6 R5xb6 32. Rxa4 Bc5 33. Ra5 Rb5 34. Ra6+ R5b6 35. exd5+ Kxd5 36. R1a5 Rxa6 37. Rxa6 Bb6 38. Ra4 Re8 39. Kd2 e4 40. Ne3+ Bxe3+ 41. Kxe3 exf3+ 42. Kxf3 g4+ 43. Kg3 Rb8 44. Ra5+ Ke4 45. Rxh5 Rxb2 46. Rh6 f5 47. Rd6 f4+ 48. Kxg4 Rxg2+ 49. Kh3 f3 50. Re6+ Kd3 51. Rf6 Ke2 52. Re6+ Kf1 53. Re4 f2 54. Rxc4 Kg1 55. Rf4 f1=Q 0-1

[Event "Wch U20"]
[Site "Medellin"]
[Date "1996.??.??"]
[Round "4"]
[White "Kreiman, Boris"]
[Black "Escobar Forero, Alder"]
[Result "0-1"]
[WhiteElo "2475"]
[BlackElo "2335"]
[PlyCount "78"]
[EventDate "1996.11.??"]
[Source "www.chesslib.no"]
[SourceDate "2004.05.04"]

1. e4 c5 2. Nf3 Nc6 3. d4 cxd4 4. Nxd4 Nf6 5. Nc3 d6 6. Bg5 e6 7. Bb5 Qb6 8. Bxf6 gxf6 9. Nd5 exd5 10. exd5 a6 11. Qe2+ Kd8 12. Nxc6+ Kc7 13. Qe8 bxc6 14. Bxc6 Ra7 15. O-O Kb8 16. Rae1 Bg7 17. Qe4 Rc7 18. Qf4 Rd8 19. Re3 Ka7 20. Rb3 Qc5 21. Rg3 Bh8 22. b4 Qb6 23. a4 f5 24. Qh4 Rf8 25. a5 Qd4 26. Qh6 Rd8 27. c3 Qe4 28. Re3 Qc4 29. Qg5 f6 30. Qh6 f4 31. Rf3 f5 32. Rxf4 Qxc3 33. Rf3 Qxb4 34. Qe3+ Bd4 35. Qd3 Re7 36. Rf4 Re4 37. Rxe4 fxe4 38. Qg3 Rf8 39. Qg5 Rxf2 0-1

[Event "Korinthos op"]
[Site "Korinthos"]
[Date "1998.??.??"]
[Round "2"]
[White "Mastrovasilis, Dimitrios"]
[Black "Greenfeld, Alon"]
[Result "0-1"]
[WhiteElo "2280"]
[BlackElo "2530"]
[PlyCount "88"]
[EventDate "1998.07.20"]
[Source "www.chesslib.no"]
[SourceDate "2004.05.04"]

1. e4 c5 2. Nf3 Nc6 3. d4 cxd4 4. Nxd4 Nf6 5. Nc3 d6 6. Bg5 e6 7. Bb5 Bd7 8. Bxc6 bxc6 9. Qf3 h6 10. Bh4 e5 11. Nf5 Bxf5 12. Qxf5 Qd7 13. Qf3 Qg4 14. Qxg4 Nxg4 15. h3 Nf6 16. Bxf6 gxf6 17. Ke2 h5 18. Rad1 Ke7 19. g4 Rd8 20. Kf3 Ke6 21. Kg2 d5 22. Rd3 hxg4 23. hxg4 Rxh1 24. Kxh1 Bc5 25. f3 Bd4 26. Kg2 Rb8 27. b3 Bxc3 28. Rxc3 Kd6 29. Kf2 Rh8 30. Kg2 a6 31. Rd3 d4 32. c3 c5 33. c4 a5 34. a4 Ke7 35. Rd1 Rb8 36. Rd3 Kf8 37. Kg3 Kg7 38. f4 Rh8 39. fxe5 fxe5 40. Rf3 Rh1 41. Rf5 d3 42. Rf2 Rb1 43. Kf3 Rxb3 44. Ke3 d2+ 0-1

[Event "POL Ch 51th"]
[Site "Gdansk POL"]
[Date "1994.??.??"]
[Round "2"]
[White "Kaminski, Marcin"]
[Black "Skalik, Przemyslaw"]
[Result "0-1"]
[WhiteElo "2445"]
[BlackElo "2365"]
[PlyCount "160"]
[EventDate "1994.03.13"]
[Source "www.chesslib.no"]
[SourceDate "2004.05.04"]

1. e4 c5 2. Nf3 Nc6 3. d4 cxd4 4. Nxd4 Nf6 5. Nc3 d6 6. Bg5 e6 7. Bb5 Bd7 8. Bxc6 bxc6 9. Qf3 Qb6 10. Nb3 Be7 11. e5 dxe5 12. O-O-O Rd8 13. Rhe1 O-O 14. Ne4 Nd5 15. Bxe7 Nxe7 16. Qg3 f6 17. Nbc5 Nf5 18. Qc3 Bc8 19. g4 Ne7 20. g5 f5 21. Nd2 Nd5 22. Qc4 e4 23. Ndb3 Qc7 24. Nd4 Rd6 25. f3 e3 26. f4 Nxf4 27. Rxe3 Rfd8 28. c3 Rd5 29. Rf1 Qd6 30. b4 e5 31. Ndb3 Kh8 32. Kb2 Rd2+ 33. Ka3 Rxh2 34. Rxf4 exf4 35. Rd3 Qf8 36. Qxf4 Re2 37. Rxd8 Qxd8 38. Nd4 Re8 39. Nxc6 Qd5 40. Qc7 Qc4 41. Nxa7 Qxc3+ 42. Ka4 Qc2+ 43. Kb5 Be6 44. a4 Qc4+ 45. Ka5 Bg8 46. Nc8 f4 47. Qc6 Re6 48. Nd6 f3 49. Nxc4 Rxc6 50. Ne3 f2 51. Kb5 Rd6 52. a5 Rd1 53. a6 Re1 54. Nd3 Rxe3 55. Nxf2 Bd5 56. Kc5 Bf3 57. b5 Re5+ 58. Kb4 h5 59. gxh6 gxh6 60. b6 Re8 61. Ka5 Re5+ 62. Kb4 Re7 63. Kc5 h5 64. Kd6 Rf7 65. Nd3 Rf6+ 66. Kc5 Rf5+ 67. Kb4 Kh7 68. b7 Rf8 69. Kc5 h4 70. Ne5 Bxb7 71. axb7 h3 72. Nf3 Kh6 73. Kc6 Kh5 74. Kc7 Kg4 75. Nh2+ Kg3 76. Nf1+ Kf2 77. Nh2 Kg3 78. Nf1+ Kf2 79. Nh2 Kg2 80. Ng4 Kg3 0-1

[Event "Belgrade Cukarica"]
[Site "Belgrade SCG"]
[Date "1995.??.??"]
[Round "5"]
[White "Kiroski, Toni"]
[Black "Zontakh, Andrey"]
[Result "0-1"]
[WhiteElo "2345"]
[BlackElo "2460"]
[PlyCount "54"]
[EventDate "1995.??.??"]
[Source "www.chesslib.no"]
[SourceDate "2004.05.04"]

1. e4 c5 2. Nf3 Nc6 3. d4 cxd4 4. Nxd4 Nf6 5. Nc3 d6 6. Bg5 e6 7. Bb5 Qb6 8. Bxf6 gxf6 9. Nd5 exd5 10. exd5 a6 11. Qe2+ Kd8 12. Nxc6+ bxc6 13. Bxc6 Ra7 14. O-O Bg7 15. Qd3 f5 16. Rab1 Be5 17. c3 f6 18. a4 Rg7 19. Qe3 Qxe3 20. fxe3 Rhg8 21. Rf2 Bb7 22. b4 Kc7 23. Bxb7 Kxb7 24. c4 f4 25. c5 fxe3 26. Rc2 f5 27. a5 Kc7 0-1

[Event "Komercni Banka Open, Pardubice CZE"]
[Site "Pardubice"]
[Date "1999.??.??"]
[Round "3"]
[White "Groszpeter, A."]
[Black "Galianina Ryjanova, J."]
[Result "1-0"]
[WhiteElo "2480"]
[BlackElo "2325"]
[PlyCount "49"]
[EventDate "1999.??.??"]
[Source "www.chesslib.no"]
[SourceDate "2004.05.04"]

1. e4 c5 2. Nf3 Nc6 3. d4 cxd4 4. Nxd4 Nf6 5. Nc3 d6 6. Bg5 e6 7. Bb5 Qb6 8. Bxf6 gxf6 9. Nd5 exd5 10. exd5 a6 11. Bxc6+ bxc6 12. Qe2+ Be7 13. Nxc6 Qc7 14. O-O-O Bb7 15. Rhe1 Bxc6 16. dxc6 Rg8 17. Rd3 Ra7 18. Rb3 Kf8 19. Qh5 Qd8 20. Qh6+ Ke8 21. Qxh7 Rf8 22. Qe4 f5 23. Qa4 Rc7 24. Rxe7+ Kxe7 25. Re3+ 1-0

[Event "Velden Open"]
[Site "Velden GER"]
[Date "1994.??.??"]
[Round "8"]
[White "Balinov, Ilija"]
[Black "Stanec, Nikolaus"]
[Result "0-1"]
[WhiteElo "2340"]
[BlackElo "2460"]
[PlyCount "64"]
[EventDate "1994.07.??"]
[Source "www.chesslib.no"]
[SourceDate "2004.05.04"]

1. e4 c5 2. Nf3 Nc6 3. d4 cxd4 4. Nxd4 Nf6 5. Nc3 d6 6. Bg5 e6 7. Bb5 Bd7 8. Bxc6 bxc6 9. Qf3 Qb6 10. Nb3 c5 11. O-O-O c4 12. Nd2 Rc8 13. e5 Nd5 14. exd6 Bxd6 15. Nde4 Be5 16. Rhe1 O-O 17. Be3 Nxe3 18. Qxe3 Qc7 19. g3 g6 20. Qh6 Bg7 21. Qh4 Qd8 22. Qf4 Qe7 23. h4 Bc6 24. h5 Rb8 25. h6 Bh8 26. Rd6 Bxe4 27. Rxe4 Qb7 28. Rxc4 Qxb2+ 29. Kd2 Rbc8 30. Nd1 Qxa2 31. Rcc6 Rxc6 32. Rxc6 Qd5+ 0-1

[Event "Nabereznye Chelny"]
[Site "Nabereznye Chelny"]
[Date "1993.??.??"]
[Round "?"]
[White "Berzinsh, Roland"]
[Black "Filipenko, Alexander V"]
[Result "1/2-1/2"]
[WhiteElo "2395"]
[BlackElo "2395"]
[PlyCount "75"]
[EventDate "1993.??.??"]
[Source "ChessBase"]

1. e4 c5 2. Nf3 Nc6 3. d4 cxd4 4. Nxd4 Nf6 5. Nc3 d6 6. Bg5 e6 7. Bb5 Bd7 8. Bxc6 bxc6 9. Qf3 h6 10. Bh4 Qb6 11. O-O-O Rb8 12. Nb3 Be7 13. e5 dxe5 14. Bxf6 Bxf6 15. Ne4 Ke7 16. h4 c5 17. Rd6 Bc6 18. Rhd1 Rhc8 19. c4 a5 20. Qc3 Qb4 21. Qd3 Bxe4 22. Qxe4 Rc7 23. Qd3 e4 24. Rxe6+ fxe6 25. Qd6+ Ke8 26. Qxc7 a4 27. Rd6 axb3 28. Rxe6+ Kf8 29. Rxf6+ gxf6 30. Qd6+ Kf7 31. Qd7+ Kf8 32. Qd6+ Ke8 33. Qe6+ Kd8 34. Qd6+ Kc8 35. Qc6+ Kd8 36. Qd6+ Ke8 37. Qe6+ Kf8 38. Qxf6+ 1/2-1/2

[Event "Bundesliga 9394"]
[Site "Germany"]
[Date "1994.??.??"]
[Round "?"]
[White "Pribyl, Martin"]
[Black "Reeh, Oliver"]
[Result "1/2-1/2"]
[WhiteElo "2360"]
[BlackElo "2430"]
[PlyCount "110"]
[EventDate "1993.10.??"]
[Source "ChessBase"]
[SourceDate "1999.07.01"]

1. e4 c5 2. Nf3 d6 3. d4 cxd4 4. Nxd4 Nf6 5. Nc3 Nc6 6. Bg5 e6 7. f3 Be7 8. Qd2 O-O 9. O-O-O Nxd4 10. Qxd4 a6 11. h4 b5 12. g4 Bb7 13. Be3 e5 14. Qd2 b4 15. Nd5 Nxd5 16. exd5 a5 17. g5 Qc7 18. h5 b3 19. axb3 a4 20. Bc4 axb3 21. cxb3 Ra5 22. Qc3 Rc8 23. Kb1 Bd8 24. g6 fxg6 25. hxg6 h6 26. f4 Bf6 27. fxe5 Bxe5 28. Bd4 Bxd4 29. Qxd4 Raa8 30. Rhe1 Rf8 31. Re6 Bc8 32. Qh4 Ra7 33. Rde1 Qc5 34. Qe4 Bxe6 35. dxe6 Re7 36. Qd5 Qxd5 37. Bxd5 Rf5 38. Rc1 Kf8 39. Rd1 Rc7 40. b4 Ke7 41. Ka2 Rxd5 42. Rxd5 Kxe6 43. Rd3 Rc8 44. Rf3 h5 45. Rf7 Rg8 46. b5 h4 47. b6 h3 48. b7 h2 49. Rf1 Rb8 50. Rh1 Rxb7 51. Rxh2 Kf5 52. Rd2 Rb6 53. Ka3 Kxg6 54. b4 Kf5 55. Ka4 g5 1/2-1/2

[Event "Arnold Cup"]
[Site "Gausdal NOR"]
[Date "1994.??.??"]
[Round "6"]
[White "Rantanen, Yrjo A"]
[Black "Reeh, Oliver"]
[Result "0-1"]
[WhiteElo "2355"]
[BlackElo "2430"]
[PlyCount "86"]
[EventDate "1994.04.??"]
[Source "www.chesslib.no"]
[SourceDate "2004.05.04"]

1. e4 c5 2. Nf3 d6 3. d4 cxd4 4. Nxd4 Nf6 5. Nc3 Nc6 6. Bg5 e6 7. Be2 Be7 8. O-O a6 9. a4 Bd7 10. Nb3 Na5 11. Nd2 Rc8 12. Bd3 O-O 13. Kh1 h6 14. Be3 Nc6 15. Nb3 Ne5 16. a5 Nc4 17. Bc1 d5 18. exd5 exd5 19. Be2 Bf5 20. Ra4 Bd7 21. Ra1 Be6 22. Qd4 Bd6 23. f4 Qc7 24. f5 Be5 25. Qd3 Bd7 26. Nxd5 Nxd5 27. Qxd5 Rfe8 28. c3 Bb5 29. Qf3 Rcd8 30. Qg4 Bf6 31. Bf4 Qc8 32. Nd4 Bxd4 33. cxd4 Rxd4 34. Rae1 Rde4 35. Qg3 Nd2 36. Bxd2 Bxe2 37. Qf2 Bxf1 38. Rxf1 Re2 39. Qf4 Qc6 40. Rg1 Qe4 41. Qxe4 R8xe4 42. Bc3 Rf4 43. h3 Rxf5 0-1

[Event "Dresden op 10th"]
[Site "?"]
[Date "2001.07.30"]
[Round "5"]
[White "Baramidze David"]
[Black "Joachim Sven"]
[Result "1/2-1/2"]
[WhiteElo "2338"]
[BlackElo "2443"]
[PlyCount "57"]
[EventDate "2001.??.??"]
[Source "www.chesslib.no"]
[SourceDate "2004.05.04"]

1. e4 c5 2. Nf3 Nc6 3. d4 cxd4 4. Nxd4 Nf6 5. Nc3 d6 6. Bg5 e6 7. f3 a6 8. Qd2 h6 9. Be3 Be7 10. O-O-O Nxd4 11. Qxd4 b5 12. e5 dxe5 13. Qxe5 Bd7 14. Ne4 O-O 15. Nxf6+ Bxf6 16. Qe4 Qc7 17. Bd3 Rfc8 18. Bf4 Qxf4+ 19. Qxf4 Bg5 20. Qxg5 hxg5 21. Bh7+ Kxh7 22. Rxd7 Kg6 23. Rhd1 Rc6 24. Rb7 Rh8 25. Rdd7 Rxh2 26. Rxf7 Rxg2 27. Rxg7+ Kh6 28. Rh7+ Kg6 29. Rhg7+ 1/2-1/2

[Event "Catalunya Team Ch"]
[Site "ESP"]
[Date "1995.??.??"]
[Round "?"]
[White "Fernandez Cazorla, Antonio"]
[Black "Gomez Esteban, Juan M"]
[Result "0-1"]
[WhiteElo "2340"]
[BlackElo "2440"]
[PlyCount "104"]
[EventDate "1995.??.??"]
[Source "www.chesslib.no"]
[SourceDate "2004.05.04"]

1. e4 c5 2. Nf3 Nc6 3. d4 cxd4 4. Nxd4 Nf6 5. Nc3 d6 6. Bg5 e6 7. Bb5 Bd7 8. Bxc6 bxc6 9. Qf3 Qa5 10. Bxf6 gxf6 11. Qxf6 Rg8 12. Qf3 Rb8 13. Nb3 Qa6 14. Ne2 c5 15. O-O c4 16. Nbd4 Rxb2 17. Rab1 Qb6 18. Rxb2 Qxb2 19. Nc3 Qb6 20. Nde2 Rg5 21. Rb1 Qc7 22. Qh3 h6 23. f4 Ra5 24. f5 Bg7 25. fxe6 Bxe6 26. Qh4 Rg5 27. Kh1 Kf8 28. Nb5 Qc5 29. c3 Qe3 30. Nbd4 Kg8 31. Nf3 Rg4 32. Qd8+ Kh7 33. Ng3 Qxc3 34. Qxd6 Qd3 35. Qxd3 cxd3 36. Rd1 Bc4 37. Ne1 Be5 38. Nxd3 Bxg3 39. hxg3 Rxe4 40. a3 Re3 41. Nb2 Be6 42. Rd3 Rxd3 43. Nxd3 Kg6 44. Kg1 Kf5 45. Kf2 Ke4 46. Nf4 Kd4 47. Kf3 a5 48. g4 Kc3 49. Kg3 Kb3 50. Kh4 Bc4 51. g5 hxg5+ 52. Kxg5 Kxa3 0-1

[Event "SVK-chT 9798"]
[Site "SVK"]
[Date "1997.??.??"]
[Round "1"]
[White "Vojtek, Vladimir"]
[Black "Manik, Mikulas"]
[Result "0-1"]
[WhiteElo "2315"]
[BlackElo "2465"]
[PlyCount "48"]
[EventDate "1997.??.??"]
[Source "www.chesslib.no"]
[SourceDate "2004.05.04"]

1. e4 c5 2. Nf3 Nc6 3. Nc3 d6 4. d4 cxd4 5. Nxd4 Nf6 6. Bg5 e6 7. Bb5 Bd7 8. Bxc6 bxc6 9. Qf3 c5 10. e5 dxe5 11. Ndb5 Bxb5 12. Nxb5 e4 13. Qg3 Qa5+ 14. Nc3 Be7 15. Bd2 Qb6 16. Qxg7 Rg8 17. Qh6 Rxg2 18. O-O-O Rb8 19. b3 c4 20. Be3 Qa5 21. Na4 cxb3 22. axb3 Nd5 23. Qxh7 Ba3+ 24. Nb2 Nxe3 0-1

[Event "Petrov mem op"]
[Site "St Petersburg"]
[Date "2002.02.19"]
[Round "8"]
[White "Turkin, Viktor"]
[Black "Iskusnyh, Sergei"]
[Result "1/2-1/2"]
[WhiteElo "2264"]
[BlackElo "2514"]
[PlyCount "104"]
[EventDate "2002.02.12"]
[Source "ChessBase"]
[SourceDate "2002.03.14"]

1. e4 c5 2. Nf3 Nc6 3. d4 cxd4 4. Nxd4 Nf6 5. Nc3 d6 6. Bg5 e6 7. f4 Be7 8. Qd2 h6 9. Bxf6 Bxf6 10. Ndb5 O-O 11. Nxd6 e5 12. Nxc8 Rxc8 13. Qxd8 Rfxd8 14. f5 Nb4 15. Bd3 Nxd3+ 16. cxd3 Rxd3 17. Ke2 Rd4 18. Rhd1 Bd8 19. Kf3 Ba5 20. Nb5 Rb4 21. Nd6 Rc2 22. b3 Rd4 23. Rxd4 exd4 24. Nxb7 Bc3 25. Rd1 Rxa2 26. e5 Kf8 27. Nc5 Rb2 28. Rd3 Ke7 29. h3 Ra2 30. Na4 Rc2 31. g4 g6 32. Ke4 Re2+ 33. Kd5 gxf5 34. gxf5 f6 35. exf6+ Kxf6 36. Nxc3 dxc3 37. Rxc3 Kxf5 38. Rf3+ Kg5 39. b4 h5 40. Ra3 Re7 41. Kc6 Kf4 42. b5 h4 43. Kd6 Rh7 44. Kc6 Rg7 45. Kd6 Rg6+ 46. Kc5 Rg7 47. Kd6 Rh7 48. Kc6 Ke4 49. Kc5 Ke5 50. Re3+ Kf4 51. Ra3 Ke4 52. Ra4+ Kf5 1/2-1/2

[Event "Madrid-B"]
[Site "Madrid ESP"]
[Date "1993.??.??"]
[Round "?"]
[White "Roa Alonso, Santiago"]
[Black "Rivera Kuzawka, Daniel"]
[Result "1-0"]
[WhiteElo "2330"]
[BlackElo "2440"]
[PlyCount "76"]
[EventDate "1993.06.??"]
[Source "www.chesslib.no"]
[SourceDate "2004.05.04"]

1. e4 c5 2. Nf3 Nc6 3. d4 cxd4 4. Nxd4 Nf6 5. Nc3 d6 6. Bg5 e6 7. f4 Be7 8. Nb3 O-O 9. Qf3 a6 10. O-O-O Qc7 11. g4 b5 12. Bd3 b4 13. Qh3 g6 14. Ne2 d5 15. e5 Ne4 16. Bxe7 Nxe7 17. Qe3 Bb7 18. h4 Nc6 19. Bxe4 dxe4 20. Qc5 Rfc8 21. Ng3 Ne7 22. Qxc7 Rxc7 23. Rhe1 Rac8 24. Rd2 e3 25. Rxe3 Bd5 26. h5 Rc4 27. Nd4 Nc6 28. Nxc6 R8xc6 29. Ne2 a5 30. h6 Kf8 31. Nd4 Rc8 32. b3 R4c5 33. Rdd3 a4 34. c4 axb3 35. axb3 Ra8 36. Nc2 Bxc4 37. bxc4 Rxc4 38. Rd4 Ra1+ 1-0

[Event "Lloyds Bank op"]
[Site "London"]
[Date "1992.??.??"]
[Round "?"]
[White "Watson, William N"]
[Black "Hon, Andrew"]
[Result "0-1"]
[WhiteElo "2555"]
[BlackElo "2215"]
[PlyCount "54"]
[EventDate "1992.08.??"]
[Source "ChessBase"]

1. e4 c5 2. Nc3 Nc6 3. Nf3 d6 4. d4 cxd4 5. Nxd4 Nf6 6. Bg5 e6 7. Bb5 Bd7 8. Bxc6 bxc6 9. Qf3 h6 10. Bh4 c5 11. Nb3 Be7 12. O-O-O Rb8 13. Nd2 Rb4 14. a3 Rd4 15. Nb3 Rxd1+ 16. Rxd1 Qb6 17. Qd3 Bc8 18. Bxf6 gxf6 19. Nb5 d5 20. exd5 exd5 21. Qe2 Be6 22. f4 Rg8 23. Re1 f5 24. Nc3 Qb7 25. g3 d4 26. Qb5+ Qxb5 27. Nxb5 Kd7 0-1

[Event "Skopje ol (Men)"]
[Site "Skopje MKD"]
[Date "1972.??.??"]
[Round "4"]
[White "Joensen"]
[Black "Byrne, Robert E"]
[Result "0-1"]
[WhiteElo "2200"]
[BlackElo "2560"]
[PlyCount "50"]
[EventDate "1972.09.??"]
[Source "www.chesslib.no"]
[SourceDate "2004.05.04"]

1. e4 c5 2. Nf3 Nc6 3. d4 cxd4 4. Nxd4 Nf6 5. Nc3 d6 6. Bg5 e6 7. Bc4 Qb6 8. Nxc6 bxc6 9. Bb3 Be7 10. Be3 Qc7 11. O-O O-O 12. f3 d5 13. exd5 exd5 14. Ne2 Bd6 15. g3 Re8 16. Qd2 Ba6 17. Rfe1 Nd7 18. Bf4 Rxe2 19. Rxe2 Bxf4 20. gxf4 Bxe2 21. Qxe2 Qxf4 22. Qe7 Ne5 23. Rf1 Nxf3+ 24. Kg2 Nh4+ 25. Kg1 Qg4+ 0-1

[Event "Schneider mem op"]
[Site "Budapest"]
[Date "1995.??.??"]
[Round "8"]
[White "Lengyel, Bela"]
[Black "Varga, Peter"]
[Result "1-0"]
[WhiteElo "2320"]
[BlackElo "2440"]
[PlyCount "89"]
[EventDate "1995.??.??"]
[Source "ChessBase"]

1. e4 c5 2. Nf3 Nc6 3. d4 cxd4 4. Nxd4 Nf6 5. Nc3 d6 6. Bg5 e6 7. Bb5 Bd7 8. O-O Be7 9. Qd2 O-O 10. Nb3 a6 11. Be2 b5 12. Bxf6 gxf6 13. f4 Kh8 14. Bh5 a5 15. Rf3 a4 16. Nc1 Qb6+ 17. Kh1 a3 18. b3 b4 19. N3e2 Ra5 20. Rh3 f5 21. exf5 Rxf5 22. Ng3 Rd5 23. Nd3 Bf6 24. Rf1 Bc3 25. Qd1 Bg7 26. f5 exf5 27. Bxf7 Rxf7 28. Qh5 Kg8 29. Qxh7+ Kf8 30. Nf4 Ne7 31. Ngh5 Be5 32. Qh6+ Ke8 33. Nxd5 Nxd5 34. Rd3 Ne7 35. Rfd1 Nc8 36. Rd5 Bc3 37. Qg5 Be6 38. Qg8+ Kd7 39. Nf4 Qe3 40. Nxe6 Qxe6 41. Rc5 Ne7 42. Qb8 Qh6 43. Rc7+ Ke6 44. Rxd6+ Kxd6 45. Qb6+ 1-0

[Event "Helsinki"]
[Site "Helsinki"]
[Date "1984.??.??"]
[Round "?"]
[White "Pirttimaki, Timo"]
[Black "Ornstein, Axel"]
[Result "0-1"]
[WhiteElo "2355"]
[BlackElo "2405"]
[PlyCount "98"]
[EventDate "1984.06.??"]
[Source "ChessBase"]

1. e4 c5 2. Nf3 d6 3. d4 cxd4 4. Nxd4 Nf6 5. Nc3 Nc6 6. Bg5 e6 7. Be2 Be7 8. O-O O-O 9. Kh1 a6 10. f4 Qc7 11. Nf3 b5 12. a3 Bb7 13. Bd3 b4 14. Ne2 h6 15. Bh4 e5 16. Qe1 bxa3 17. Rxa3 Qd7 18. Rb3 Rab8 19. fxe5 dxe5 20. Ng3 Ba8 21. Rxb8 Rxb8 22. Nf5 Qe6 23. b3 Rb4 24. Nxe7+ Qxe7 25. Bxa6 g5 26. Nxg5 hxg5 27. Bxg5 Rxe4 28. Qa1 Nd4 29. Bd3 Qb7 30. Bxf6 Rf4 31. Qxa8+ Qxa8 32. Rxf4 exf4 33. Bxd4 f3 34. Kg1 fxg2 35. b4 f5 36. b5 f4 37. b6 f3 38. Kf2 Kf7 39. Bc4+ Kg6 40. Kg3 Qc6 41. Bd3+ Kh5 42. Bg1 Qa8 43. h3 Kg5 44. h4+ Kh5 45. Bf5 Qg8+ 46. Kf4 f2 47. Bxf2 g1=Q 48. Bxg1 Qxg1 49. b7 Qf1+ 0-1